King Henry V (Record no. 186825)
[ view plain ]
| 000 -LEADER | |
|---|---|
| fixed length control field | 00610 a2200169 4500 |
| 003 - CONTROL NUMBER IDENTIFIER | |
| control field | Nust |
| 005 - DATE AND TIME OF LATEST TRANSACTION | |
| control field | 20230120121122.0 |
| 040 ## - CATALOGING SOURCE | |
| Transcribing agency | Nust |
| 082 ## - DEWEY DECIMAL CLASSIFICATION NUMBER | |
| Classification number | 808.82,SHA |
| 100 ## - MAIN ENTRY--PERSONAL NAME | |
| Personal name | Hemry,V |
| 9 (RLIN) | 107234 |
| 245 ## - TITLE STATEMENT | |
| Title | King Henry V |
| 260 ## - PUBLICATION, DISTRIBUTION, ETC. | |
| Place of publication, distribution, etc. | London |
| 300 ## - PHYSICAL DESCRIPTION | |
| Extent | 206:p |
| 505 ## - FORMATTED CONTENTS NOTE | |
| Formatted contents note | Introduction (Pages-vii-xxxvi), King Heney V (Pages-1-110), Notes (Pages-111-186), Glossary (Pages-187-202), Appendix (Pages-203-214), Extracts from Holinshed (Pages-215-230), Hints on Metre (Pages-231-242), Hints on Shakespeare’s English (Pages-243-246), Indexes (Pages 247-256). |
| 650 ## - SUBJECT ADDED ENTRY--TOPICAL TERM | |
| Topical term or geographic name entry element | DRAMA |
| 9 (RLIN) | 107235 |
| 942 ## - ADDED ENTRY ELEMENTS (KOHA) | |
| Source of classification or shelving scheme | |
| Koha item type | Book |
| Withdrawn status | Lost status | Source of classification or shelving scheme | Damaged status | Not for loan | Permanent Location | Current Location | Shelving location | Date acquired | Full call number | Barcode | Date last seen | Price effective from | Koha item type | Public note |
|---|---|---|---|---|---|---|---|---|---|---|---|---|---|---|
| Military College of Signals (MCS) | Military College of Signals (MCS) | General Stacks | 12/12/2016 | 808.82,SHA | MCS29593 | 12/08/2016 | 12/12/2016 | Book | Almirah No.56, Shelf No.3 |
